000
00343 a2200157 4500
001
190573
020
_a
978-0-521-13742-3
040
_c
Magnum
100
_a
Bethune, Helen
240
1
0
_a
Why does my heart pump?
_l
ING
245
1
0
_a
Why does my heart pump?
300
_a
24
362
0
_a
2010
697
_a
LITERATURA INGLESA
942
_c
BK
999
_c
190573
_d
190573